000 01024cam a2200301 i 4500
003 OSt
005 20260418150037.0
008 780825s1977 enkg d 000 0deng
020 _a0140510125 :
020 _a9780140510126
040 _cDLC
050 0 0 _aML100
_b.J33 1977
100 1 _aJacobs, Arthur,
_d1922-1996.
245 1 4 _aThe new Penguin dictionary of music /
_c[by] Arthur Jacobs.
250 _a4th ed.
260 _aHarmondsworth ;
_aNew York :
_bPenguin,
_cc1977.
300 _a458 p. :
_bmusic ;
_c19 cm.
336 _atext
_btxt
_2rdacontent
337 _aunmediated
_bn
_2rdamedia
338 _avolume
_bnc
_2rdacarrier
500 _aPrevious ed. published under title: A new dictionary of music.
650 0 _aMusic
_vDictionaries.
650 0 _aMusic
_vBio-bibliography.
655 7 _0https://id.loc.gov/authorities/genreForms/gf2014026086
906 _a7
_bcbc
_corignew
_d4
_encip
_f19
_gy-gencatlg
942 _2lcc
_cBK
_nCM
999 _c6047
_d6047